Toutes les communes de l'Yonne sur une carte - Statistiques

Statistiques générales
  • Ce quiz a été pris 623 fois
  • Le résultat moyen est 71 sur 423
Réponses sur la Carte
Les réponses sont colorées sur une échelle allant du rouge au vert en fonction du pourcentage des utilisateurs qui les ont devinées à leur premier essai. Vous pouvez retrouver ces pourcentages ci-dessous.
 
Statistiques - réponses
Population Commune % Correct
34 778 Auxerre
96%
27 034 Sens
95%
6 387 Avallon
79%
9 218 Joigny
71%
4 301 Tonnerre
69%
401 Migé
66%
1 110 Villeneuve-la-Dondagre
66%
340 Villeneuve-la-Guyard
66%
3 464 Villeneuve-l'Archevêque
66%
304 Villeneuve-les-Genêts
66%
256 Villeneuve-Saint-Salves
66%
5 136 Villeneuve-sur-Yonne
66%
2 145 Chablis
60%
7 068 Migennes
59%
361 Pont-sur-Vanne
57%
759 Pont-sur-Yonne
57%
4 220 Saint-Florentin
51%
2 569 Toucy
51%
4 111 Monéteau
50%
3 170 Appoigny
48%
448 Vézelay
47%
1 474 Saint-Fargeau
46%
3201 Saint-Georges-sur-Baulche
44%
4 807 Charny-Orée-de-Puisaye
38%
790 Coulanges-la-Vineuse
38%
508 Coulanges-sur-Yonne
38%
4 824 Paron
38%
420 Saint-Martin-des-Champs
38%
260 Saint-Martin-d'Ordon
38%
1 533 Saint-Martin-du-Tertre
38%
144 Saint-Martin-sur-Armançon
38%
1 233 Laroche-Saint-Cydroine
36%
2 203 Saint-Julien-du-Sault
36%
900 Saint-Sauveur-en-Puisaye
35%
2 812 Saint-Clément
34%
1 241 Vermenton
34%
1 555 Champs-sur-Yonne
33%
249 Irancy
32%
108 Villy
32%
477 Arcy-sur-Cure
31%
3 110 Brienon-sur-Armançon
31%
628 Saint-Denis-lès-Sens
31%
2 153 Chevannes
30%
1 260 Perrigny
30%
127 Perrigny-sur-Armançon
30%
1 690 Gurgy
29%
1 778 Héry
29%
1 863 Charbuy
28%
626 Quarré-les-Tombes
28%
676 Vallan
28%
908 Vincelles
28%
1 320 Pourrain
27%
1 443 Seignelay
27%
971 Augy
26%
971 Cerisiers
26%
910 Courson-les-Carrières
26%
710 Montholon
26%
588 Noyers
26%
1 024 Saint-Bris-le-Vineux
26%
897 Tanlay
26%
1 747 Venoy
26%
1 510 Vergigny
26%
1 826 Véron
26%
699 Bussy-en-Othe
25%
454 Bussy-le-Repos
25%
251 Montréal
25%
1 109 Villefargeau
25%
124 Villiers-les-Hauts
25%
475 Villiers-Louis
25%
438 Villiers-Saint-Benoît
25%
276 Villiers-Vineux
25%
1 151 Bléneau
24%
2 265 Cheny
24%
709 Escolives-Sainte-Camille
24%
1 578 Malay-le-Grand
24%
315 Malay-le-Petit
24%
366 Nitry
24%
3 333 Pontigny
24%
839 Ancy-le-Franc
23%
146 Ancy-le-Libre
23%
1 069 Diges
23%
905 Dixmont
23%
726 Épineau-les-Voves
23%
1 235 Gron
23%
450 Gy-l'Évêque
23%
881 Bassou
22%
453 Beine
22%
1 104 Charmoy
22%
1 050 Fleury-la-Vallée
22%
311 Lucy-le-Bois
22%
202 Lucy-sur-Cure
22%
117 Lucy-sur-Yonne
22%
875 Magny
22%
2 772 Montigny-la-Resle
22%
415 Bazarnes
21%
2 092 Champigny
21%
136 Chemilly-sur-Serein
21%
899 Chemilly-sur-Yonne
21%
1 197 Ligny-le-Châtel
21%
1 238 Maillot
21%
492 Mailly-la-Ville
21%
531 Mailly-le-Château
21%
364 Merry-la-Vallée
21%
178 Merry-Sec
21%
191 Merry-sur-Yonne
21%
512 Mézilles
21%
685 Rogny-les-Sept-Écluses
21%
284 Vincelottes
21%
769 Armeau
20%
1 106 Cézy
20%
343 Chitry
20%
410 Saint-Maurice-aux-Riches-Hommes
20%
372 Saint-Maurice-le-Vieil
20%
251 Saint-Maurice-Thizouaille
20%
1 771 Saint-Valérien
20%
436 Branches
19%
566 Châtel-Censoir
19%
202 Châtel-Gérard
19%
1 734 Chéroy
19%
758 Étigny
19%
464 Fontaines
19%
140 Fontenay-près-Chablis
19%
137 Fontenay-près-Vézelay
19%
73 Fontenay-sous-Fouronnes
19%
1 151 Joux-la-Ville
19%
874 Neuvy-Sautour
19%
837 Parly
19%
341 Saint-Germain-des-Champs
19%
291 Saint-Père
19%
244 Sermizelles
19%
1 560 Soucy
19%
624 Beaumont
18%
899 Champignelles
18%
1 266 Deux-Rivières
18%
870 Escamps
18%
536 La Ferté-Loupière
18%
1 354 Lindry
18%
589 Ouanne
18%
162 Paroy-en-Othe
18%
289 Paroy-sur-Tholon
18%
681 Senan
18%
518 Béon
17%
890 Bonnard
17%
730 Champlay
17%
326 Cussy-les-Forges
17%
239 Dracy
17%
268 Druyes-les-Belles-Fontaines
17%
659 La Chapelle-sur-Oreuse
17%
92 La Chapelle-Vaupelteigne
17%
171 Mont-Saint-Sulpice
17%
428 Saint-Aubin-sur-Yonne
17%
271 Tannerre-en-Puisaye
17%
1 042 Treigny-Perreuse-Sainte-Colombe
17%
451 Chichery
16%
853 Cuy
16%
624 Étais-la-Sauvin
16%
938 Flogny-la-Chapelle
16%
358 Jussy
16%
414 Lavau
16%
434 Looze
16%
106 Moulins-en-Tonnerrois
16%
284 Moulins-sur-Ouanne
16%
244 Poilly-sur-Serein
16%
672 Poilly-sur-Tholon
16%
485 Quenne
16%
1 071 Rosoy
16%
154 Saint-André-en-Terre-Plaine
16%
447 Saint-Cyr-les-Colons
16%
357 Saint-Léger-Vauban
16%
177 Saint-Moré
16%
522 Saint-Privé
16%
1 395 Thorigny-sur-Oreuse
16%
285 Asquins
15%
617 Brion
15%
471 Chassy
15%
1 370 Égriselles-le-Bocage
15%
511 Jouy
15%
663 Ormoy
15%
719 Ravières
15%
417 Villevallier
15%
1 583 Vinneuf
15%
309 Champcevrais
14%
450 Égleny
14%
391 Évry
14%
175 Fleys
14%
392 Hauterive
14%
828 La Celle-Saint-Cyr
14%
183 Lain
14%
310 Les Ormes
14%
660 L'Isle-sur-Serein
14%
1 086 Michery
14%
382 Nuits
14%
935 Perceneige
14%
241 Précy-le-Sec
14%
417 Précy-sur-Vrin
14%
369 Rouvray
14%
668 Saligny
14%
1 248 Sergines
14%
379 Sommecaise
14%
434 Thury
14%
384 Val-de-Mercy
14%
564 Valravillon
14%
1 755 Varennes
14%
440 Andryes
13%
393 Beauvoir
13%
792 Champlost
13%
282 Charentenay
13%
543 Chéu
13%
1 177 Courlon-sur-Yonne
13%
321 Lainsecq
13%
539 Les Bordes
13%
318 Leugny
13%
788 Maligny
13%
847 Marsangy
13%
1 325 Nailly
13%
300 Sainpuits
13%
544 Saints-en-Puisaye
13%
1 790 Villeblevin
13%
350 Annay-la-Côte
12%
201 Annay-sur-Serein
12%
608 Arces-Dilo
12%
113 Asnières-sous-Bois
12%
284 Bleigny-le-Carreau
12%
657 Chamvres
12%
217 Coulangeron
12%
251 Courgis
12%
525 Épineuil
12%
295 Fontenoy
12%
174 Fouronnes
12%
300 Les Clérimois
12%
1 003 Les Vallées de la Vanne
12%
154 Lichères-près-Aigremont
12%
42 Lichères-sur-Yonne
12%
271 Moutiers-en-Puisaye
12%
333 Passy
12%
195 Pontaubert
12%
254 Saint-Loup-d'Ordon
12%
68 Sauvigny-le-Beuréal
12%
730 Sauvigny-le-Bois
12%
142 Savigny-en-Terre-Plaine
12%
450 Savigny-sur-Clairis
12%
497 Sépeaux-Saint-Romain
12%
308 Sougères-en-Puisaye
12%
800 Villethierry
12%
202 Voutenay-sur-Cure
12%
237 Aisy-sur-Armançon
11%
782 Brannay
11%
364 Carisey
11%
516 Chailley
11%
98 Chamoux
11%
641 Chaumont
11%
300 Chichée
11%
378 Cudot
11%
118 Foissy-lès-Vézelay
11%
287 Foissy-sur-Vanne
11%
521 Germigny
11%
663 Lézinnes
11%
343 Massangis
11%
546 Noé
11%
89 Ronchères
11%
185 Sainte-Colombe
11%
102 Sementron
11%
73 Aigremont
10%
118 Annéot
10%
75 Argentenay
10%
439 Bellechaume
10%
158 Collan
10%
411 Crain
10%
397 Domecy-sur-Cure
10%
85 Domecy-sur-le-Vault
10%
396 Esnon
10%
510 Fontaine-la-Gaillarde
10%
47 Gland
10%
724 Guillon-Terre-Plaine
10%
499 Les Hauts de Forterre
10%
416 Les Sièges
10%
220 Levis
10%
579 Montillot
10%
181 Prégilbert
10%
162 Préhy
10%
957 Saint-Agnan
10%
475 Sainte-Magnance
10%
532 Subligny
10%
133 Trucy-sur-Yonne
10%
1 003 Vallery
10%
667 Villemanoche
10%
186 Bessy-sur-Cure
9%
231 Cheney
9%
666 Collemiers
9%
360 Cornant
9%
566 Courgenay
9%
782 Courtois-sur-Yonne
9%
227 Cruzy-le-Châtel
9%
465 Dannemoine
9%
118 Dissangis
9%
801 Domats
9%
478 Fouchères
9%
178 Girolles
9%
134 Lalande
9%
556 Le Val d'Ocre
9%
185 Lignorelles
9%
105 Pierre-Perthuis
9%
385 Rousson
9%
101 Sainte-Pallaye
9%
670 Serbonnes
9%
72 Sery
9%
215 Soumaintrain
9%
451 Vault-de-Lugny
9%
265 Vaumort
9%
294 Venouse
9%
409 Verlin
9%
252 Villechétive
9%
356 Villecien
9%
514 Voisines
9%
149 Yrouerre
9%
114 Bernouil
8%
75 Béru
8%
157 Bierry-les-Belles-Fontaines
8%
290 Brosses
8%
133 Chastellux-sur-Cure
8%
92 Festigny
8%
66 Junay
8%
227 Mélisey
8%
165 Molosmes
8%
785 Montacher-Villegardin
8%
592 Piffonds
8%
582 Saint-Sérotin
8%
132 Sarry
8%
65 Vaudeurs
8%
867 Venizy
8%
632 Villebougis
8%
386 Villeroy
8%
154 Angely
7%
219 Argenteuil-sur-Armançon
7%
151 Arthonnay
7%
61 Baon
7%
68 Beauvilliers
7%
293 Beugnon
7%
697 Chaumot
7%
389 Étaule
7%
64 Fresnes
7%
566 Gisy-les-Nobles
7%
177 Givry
7%
188 Island
7%
479 Lixy
7%
77 Mercy
7%
143 Roffey
7%
280 Saint-Brancher
7%
73 Sainte-Vertu
7%
112 Serrigny
7%
195 Thory
7%
112 Tissey
7%
128 Tronchoy
7%
654 Turny
7%
239 Vernoy
7%
52 Vézannes
7%
157 Vézinnes
7%
161 Villenavotte
7%
102 Vireaux
7%
105 Viviers
7%
132 Athie
6%
193 Bagneaux
6%
98 Blacy
6%
101 Blannay
6%
339 Boeurs-en-Othe
6%
190 Compigny
6%
30 Courtoin
6%
161 Cry
6%
312 Dollot
6%
197 Dyé
6%
117 Flacy
6%
125 Jully
6%
229 La Belliole
6%
83 Marmeaux
6%
37 Menades
6%
177 Méré
6%
271 Molinons
6%
213 Plessis-Saint-Jean
6%
371 Sormery
6%
61 Tharoiseau
6%
184 Thizy
6%
82 Annoux
5%
22 Bois-d'Arcy
5%
117 Bussières
5%
247 Butteaux
5%
56 Censy
5%
46 Cérilly
5%
298 Chassignelles
5%
136 Coulours
5%
138 Coutarnoux
5%
124 Fournaudin
5%
129 Fulvy
5%
82 Gigny
5%
443 Jaulges
5%
97 Môlay
5%
130 Mouffy
5%
177 Pacy-sur-Armançon
5%
81 Pisy
5%
251 Provency
5%
58 Quincerot
5%
72 Rugny
5%
68 Sambourg
5%
85 Santigny
5%
75 Sennevoy-le-Bas
5%
113 Sennevoy-le-Haut
5%
79 Talcy
5%
106 Tharot
5%
40 Thorey
5%
42 Trichey
5%
324 Vassy-sous-Pisy
5%
310 Villeperrot
5%
108 Villon
5%
190 Étivey
4%
112 Grimault
4%
27 Jouancy
4%
141 Lasson
4%
304 Pailly
4%
47 Pasilly
4%
248 Percey
4%
61 Pimelles
4%
86 Stigny
4%
192 Lailly
3%
145 La Postolle
3%
Aucun quiz correspondant
Distribution des résultats
% des personnes avec chaque résultat
Percentile par nombre de réponses
Votre historique - résultats
Vous n’avez pas pris ce quiz